[Event "10th Remberto Fernandez"]
[Site "masterchessopen.com Havana CUB"]
[Date "2017.03.21"]
[Round "6.5"]
[White "Cruz de la Osa,R"]
[Black "Cifuentes,J"]
[Result "1-0"]
[WhiteElo "2263"]
[BlackElo "2264"]

1.e4 c5 2.Nf3 d6 3.d4 cxd4 4.Nxd4 Nf6 5.Nc3 a6 6.h3 e5 7.Nde2 h5 8.g3 Be6
9.Bg2 Qc8 10.Be3 Be7 11.Qd2 b5 12.a3 Nbd7 13.f4 g6 14.f5 gxf5 15.exf5 Bxf5
16.Bxa8 Qxa8 17.O-O-O Qb7 18.g4 hxg4 19.Ng3 Be6 20.hxg4 Rxh1 21.Rxh1 Nxg4
22.Rh8+ Nf8 23.Nge4 Qc6 24.Bh6 d5 25.Ng5 d4 26.Bxf8 Bxf8 27.Nh7 Qh1+ 28.Nd1
{#r} 1-0

[Event "5th Iraq Int Open 2017"]
[Site "masterchessopen.com Baghdad IRQ"]
[Date "2017.03.21"]
[Round "9.2"]
[White "Khodashenas,M"]
[Black "Barsov,A"]
[Result "1-0"]
[WhiteElo "2366"]
[BlackElo "2441"]

1.Nf3 d5 2.e3 g6 3.c4 Nf6 4.cxd5 Nxd5 5.e4 Nb6 6.d4 Bg7 7.Be3 O-O 8.Nc3 Bg4
9.Be2 Bxf3 10.gxf3 Nc6 11.d5 Ne5 12.Bd4 c5 13.Bxc5 Rc8 14.Bd4 Qd6 15.f4 Nec4
16.e5 Qd8 17.b3 Na3 18.Bf3 f6 19.Bg4 fxe5 20.fxe5 Rf4 21.Be6+ Kh8 22.Rc1 Nd7
23.Ne2 Re4 24.f3 Qa5+ 25.Kf2 Rf8 26.Kg2 Rxe5 27.Bxd7 Qxd5 28.Ng3 {#r} 1-0

[Event "5th Iraq Int Open 2017"]
[Site "masterchessopen.com Baghdad IRQ"]
[Date "2017.03.21"]
[Round "9.3"]
[White "Gagunashvili,M"]
[Black "Babiy,Olga"]
[Result "1-0"]
[WhiteElo "2567"]
[BlackElo "2334"]

1.e4 c5 2.Nf3 e6 3.d4 cxd4 4.Nxd4 Nc6 5.Nc3 Qc7 6.Be2 a6 7.O-O Nf6 8.Kh1 Nxd4
9.Qxd4 Bc5 10.Qd3 b5 11.f4 Bb7 12.Bf3 b4 13.e5 bxc3 14.exf6 gxf6 15.Qxc3 Bxf3
16.Rxf3 Ke7 17.b3 Bd6 18.Qd2 Rhg8 19.Bb2 Rg4 20.Rd1 Rag8 21.Rc3 Qb6 22.Ba3
Bxa3 23.Qxd7+ Kf8 24.Rc7 Qxc7 25.Qxc7 Kg7 26.g3 h5 27.Rd7 h4 28.Rxf7+ Kg6
29.Kg2 Bd6 30.Qd7 hxg3 31.hxg3 Bxf4 32.Qxe6 Rxg3+ 33.Kf2 {#r} 1-0

[Event "5th Iraq Int Open 2017"]
[Site "masterchessopen.com Baghdad IRQ"]
[Date "2017.03.21"]
[Round "9.6"]
[White "Kaouri,Mahdi"]
[Black "Hussein,AH"]
[Result "0-1"]
[WhiteElo "2097"]
[BlackElo "2239"]

1.c4 e5 2.Nc3 Nf6 3.e3 Bb4 4.Nge2 c6 5.d4 exd4 6.Qxd4 O-O 7.a3 Be7 8.Nf4 d6
9.Be2 a5 10.O-O Nbd7 11.Rb1 a4 12.e4 Re8 13.Nd3 Bf8 14.Bg5 Qb6 15.Bxf6 gxf6
16.Qxb6 Nxb6 17.Nf4 f5 18.Nh5 Kh8 19.Rbd1 Be6 20.Nf6 Red8 21.exf5 Bxf5 22.g4
Be7 23.Nfd5 cxd5 24.gxf5 dxc4 25.Nd5 Nxd5 26.Rxd5 Rac8 27.Rc1 Bf6 28.Rb5 d5
29.Rxb7 Rb8 30.Rxf7 Bxb2 31.Rc2 Rg8+ 32.Kf1 Rg7 33.Rxg7 Bxg7 34.Bf3 c3 35.Bxd5
Rb3 36.Re2 Bd4 37.Re8+ Kg7 38.Ke2 Rb2+ 39.Kf3 c2 40.Re7+ Kf6 41.Re6+ Kxf5
42.Re1 Rb3+ 43.Kg2 Rb1 44.Be4+ Kf4 45.Rxb1 Kxe4 46.Re1+ Kd3 47.Kf3 Bc5 48.Kg3
Kd2 49.Re4 {#R} 0-1

[Event "69th ch-MNE 2017"]
[Site "masterchessopen.com Bar MNE"]
[Date "2017.03.21"]
[Round "11.3"]
[White "Kontic,D"]
[Black "Blagojevic,Dr"]
[Result "0-1"]
[WhiteElo "2324"]
[BlackElo "2457"]

1.e4 e5 2.Nf3 Nc6 3.Bc4 Bc5 4.d4 exd4 5.c3 Nf6 6.e5 d5 7.Bb5 Ne4 8.cxd4 Bb6
9.h3 O-O 10.O-O f6 11.Bf4 fxe5 12.Bxe5 Nxe5 13.Nxe5 Qg5 14.Nf3 Qf6 15.Nc3 Nxc3
16.bxc3 Bxh3 17.gxh3 Qxf3 18.Bd7 Qxc3 19.Rc1 Qb4 20.Be6+ Kh8 21.Bxd5 c6 22.Rc4
Qd6 23.Bg2 Bc7 24.Re1 Qh2+ 25.Kf1 Bg3 26.Rc2 Bxf2 27.Rxf2 Rxf2+ 28.Kxf2 Rf8+
29.Ke3 Qxg2 {#R} 0-1

[Event "90th ch-St Petersburg"]
[Site "masterchessopen.com St Petersburg RUS"]
[Date "2017.03.21"]
[Round "4.1"]
[White "Azimov,Ilyas"]
[Black "Levin,Ev"]
[Result "0-1"]
[WhiteElo "2138"]
[BlackElo "2518"]

1.e4 c5 2.Nf3 d6 3.d4 Nf6 4.Nc3 cxd4 5.Nxd4 a6 6.Bg5 e6 7.f4 Nbd7 8.Qe2 Qc7
9.O-O-O b5 10.g4 b4 11.Nd5 exd5 12.exd5+ Be7 13.Nc6 Nb8 14.Bxf6 Nxc6 15.dxc6
gxf6 16.f5 Kf8 17.Bg2 a5 18.Bd5 h6 19.h4 Ba6 20.Qf3 Re8 21.g5 fxg5 22.f6 Bd8
23.Rd2 Re5 24.hxg5 Rxg5 25.Be4 Rhg8 26.Rxh6 Rg1+ 27.Rd1 Rxd1+ 28.Kxd1 Qa7
29.c4 Bxc4 30.c7 Bxc7 31.Rh5 a4 32.b3 axb3 33.axb3 Be6 {#R} 0-1

[Event "90th ch-St Petersburg"]
[Site "masterchessopen.com St Petersburg RUS"]
[Date "2017.03.21"]
[Round "4.5"]
[White "Alekseenko,K"]
[Black "Saveliev,Alexei"]
[Result "1-0"]
[WhiteElo "2588"]
[BlackElo "2362"]

1.e4 c5 2.Nc3 e6 3.Nf3 a6 4.d4 cxd4 5.Nxd4 Qc7 6.Bd3 Nf6 7.f4 d6 8.Qf3 Be7
9.O-O Nbd7 10.Nb3 O-O 11.Bd2 b5 12.a4 b4 13.Nd1 Bb7 14.Nf2 a5 15.g4 g6 16.Rac1
Nb6 17.c3 Nxa4 18.cxb4 Qd7 19.Nxa5 Nxb2 20.g5 Nh5 21.Be2 Ng7 22.Ng4 Na4 23.Bd1
Ba6 24.Rf2 Bb5 25.Qh3 Rfc8 26.Nh6+ Kf8 27.f5 exf5 28.exf5 Rxc1 29.Bxc1 Rc8
30.fxg6 hxg6 31.Nf5 Nh5 32.Bd2 Qe6 33.Bxh5 Bxg5 34.Bg4 Bf6 35.Ne3 {#r} 1-0

[Event "90th ch-St Petersburg"]
[Site "masterchessopen.com St Petersburg RUS"]
[Date "2017.03.21"]
[Round "4.6"]
[White "Lobanov,Sergei"]
[Black "Duzhakov,I"]
[Result "1-0"]
[WhiteElo "2429"]
[BlackElo "2424"]

1.e4 e6 2.d4 d5 3.Nc3 Bb4 4.e5 Ne7 5.Qg4 c5 6.dxc5 Nbc6 7.Bd2 O-O 8.O-O-O b6
9.Bg5 Qe8 10.Bb5 Bxc5 11.Nf3 a6 12.Bd3 Nb4 13.Bxh7+ Kxh7 14.Bf6 Nf5 15.Ng5+
Kg8 16.Bxg7 f6 17.Bxf8 Qg6 18.Bxc5 Ne3 19.Qe2 Nxd1 20.Bxb4 Nxc3 21.Bxc3 Qxg5+
22.Kb1 fxe5 23.Bxe5 Ra7 24.f4 Qg6 25.Qe3 Rb7 26.g4 Bd7 27.f5 Qh7 28.Qg5+ Kf7
29.Qf6+ {#r} 1-0

[Event "ch-MGL 2017"]
[Site "masterchessopen.com Dadal MGL"]
[Date "2017.03.21"]
[Round "6.2"]
[White "Amgalanbaatar,R"]
[Black "Enkhnar,E"]
[Result "0-1"]
[WhiteElo "2125"]
[BlackElo "2447"]

1.e4 c5 2.Nc3 Nc6 3.f4 e6 4.Nf3 d5 5.Bb5 d4 6.Bxc6+ bxc6 7.Ne2 a5 8.d3 a4
9.Bd2 Nf6 10.Ne5 Qc7 11.b3 Be7 12.O-O O-O 13.Ng3 Nd7 14.Nxd7 Bxd7 15.f5 axb3
16.axb3 Rxa1 17.Qxa1 Bd6 18.f6 g6 19.Bh6 Rc8 20.Qc1 Bxg3 21.hxg3 Qxg3 22.Bf4
Qh4 23.Bg5 Qg4 24.Kf2 Ra8 25.Rh1 Ra2 26.Bh6 e5 27.g3 Qe6 28.Bg7 Qxb3 29.Kf3
Rxc2 30.Qf1 h5 31.g4 Bxg4+ 32.Kg3 Rd2 33.Qa1 Rxd3+ 34.Kh4 Rh3+ 35.Rxh3 Qxh3+
36.Kg5 Qe3+ 37.Kh4 g5# 0-1

[Event "ch-MGL 2017"]
[Site "masterchessopen.com Dadal MGL"]
[Date "2017.03.21"]
[Round "6.3"]
[White "Ariunbuuvei,B"]
[Black "Galmandakh,Badrakh"]
[Result "1-0"]
[WhiteElo "2194"]
[BlackElo "2256"]

1.d4 d6 2.Nf3 Bg4 3.c4 Bxf3 4.exf3 c6 5.Nc3 g6 6.Be2 Bg7 7.O-O Nf6 8.d5 O-O
9.Qb3 Qc7 10.Be3 Nbd7 11.Rfd1 Rfc8 12.Rac1 a6 13.f4 cxd5 14.Nxd5 Nxd5 15.Rxd5
Nc5 16.Qc2 Qb6 17.Rb1 a5 18.f5 Qc6 19.Bf3 Qc7 20.b3 Rab8 21.h4 e6 22.fxe6 Nxe6
23.Qd2 a4 24.Rxd6 axb3 25.axb3 b5 26.Rd7 Qe5 27.Ba7 bxc4 28.Bxb8 Rxb8 29.Re1
Qf6 30.bxc4 Qxh4 31.Bd5 Rb2 32.g3 Qf6 33.Qe3 Ng5 34.Kg2 Bf8 35.Qf4 Kg7
36.Qxf6+ Kxf6 37.Rc7 Bb4 38.Rb7 Bxe1 39.Rxb2 {#r} 1-0

[Event "ch-MGL 2017"]
[Site "masterchessopen.com Dadal MGL"]
[Date "2017.03.21"]
[Round "6.5"]
[White "Batsuren,Dambasuren"]
[Black "Ganerdene,Sugar"]
[Result "1-0"]
[WhiteElo "2194"]
[BlackElo "2063"]

1.d4 d5 2.c4 e6 3.Nf3 h6 4.g3 Nf6 5.Bg2 c5 6.O-O Nc6 7.Nc3 Be7 8.cxd5 exd5
9.b3 O-O 10.Bb2 Be6 11.Rc1 Rc8 12.dxc5 Bxc5 13.Na4 Be7 14.Nc5 b6 15.Nxe6 fxe6
16.Bh3 Qd6 17.Nh4 Ne4 18.Ng6 Ng5 19.Bg4 Bf6 20.Nxf8 Bxb2 21.Rc2 Bf6 22.Ng6 Rd8
23.Nf4 Ne5 24.e3 Nxg4 25.Qxg4 e5 26.Nh5 d4 27.exd4 exd4 28.h4 Nf7 29.Rc8 Be5
30.Rxd8+ Nxd8 31.f4 Bf6 32.Qg6 Kf8 33.Nxf6 gxf6 34.Qxh6+ Ke7 35.Qh7+ Nf7
36.Qe4+ Kf8 37.Rd1 Qc5 38.Qxd4 {#r} 1-0

[Event "ch-MGL 2017"]
[Site "masterchessopen.com Dadal MGL"]
[Date "2017.03.21"]
[Round "7.1"]
[White "Batchuluun,T"]
[Black "Altanbayar,Tserenpeljee"]
[Result "1-0"]
[WhiteElo "2522"]
[BlackElo "1952"]

1.d4 Nf6 2.c4 e6 3.g3 d5 4.Nf3 dxc4 5.Bg2 a6 6.O-O Nc6 7.Nbd2 Nxd4 8.Nxc4
Nxf3+ 9.Bxf3 Qxd1 10.Rxd1 Nd5 11.e4 Nb6 12.Nxb6 cxb6 13.e5 Bc5 14.Bg5 O-O
15.Rac1 a5 16.a4 f6 17.exf6 h6 18.fxg7 Rxf3 19.Bxh6 Bd7 20.Rxd7 Rf7 21.Rxf7
Kxf7 22.Rc4 e5 23.Rg4 Rg8 24.Rg5 Bd4 25.Rf5+ Kg6 26.Rf8 Kh7 27.Rxg8 Kxg8 28.b3
e4 29.Kf1 {#r} 1-0

[Event "ch-MGL 2017"]
[Site "masterchessopen.com Dadal MGL"]
[Date "2017.03.21"]
[Round "7.5"]
[White "Enkhnar,E"]
[Black "Ariunbuuvei,B"]
[Result "0-1"]
[WhiteElo "2447"]
[BlackElo "2194"]

1.c4 Nf6 2.Nc3 e5 3.g3 d5 4.cxd5 Nxd5 5.Bg2 Be6 6.Nf3 Nc6 7.d3 Be7 8.Bd2 O-O
9.O-O Nb6 10.Rc1 a5 11.Qc2 a4 12.Qb1 f6 13.Ne4 Qd5 14.Nc3 Qd7 15.Rfd1 Nb4
16.a3 N4d5 17.Ne4 Qb5 18.d4 Qxe2 19.dxe5 fxe5 20.Re1 Qb5 21.Nxe5 Kh8 22.Bf1
Qe8 23.Bd3 Qh5 24.Nc5 Bxc5 25.Rxc5 Rxf2 26.Kxf2 Qxh2+ 27.Kf3 Rf8+ 28.Bf4 Nxf4
29.Bf5 Nh3 30.Nf7+ Bxf7 31.Rh1 Bh5+ {#R} 0-1

[Event "ch-MGL 2017"]
[Site "masterchessopen.com Dadal MGL"]
[Date "2017.03.21"]
[Round "7.6"]
[White "Urtnasan,N"]
[Black "Amgalanbaatar,R"]
[Result "1-0"]
[WhiteElo "2357"]
[BlackElo "2125"]

1.e4 d6 2.c4 e5 3.Nc3 Nc6 4.Nge2 g6 5.d4 exd4 6.Nxd4 Bg7 7.Nxc6 bxc6 8.c5 Ne7
9.Be3 O-O 10.Bd4 d5 11.Bxg7 Kxg7 12.Qd4+ Kg8 13.Rd1 Be6 14.Qf6 Rb8 15.b3 Rb4
16.Ba6 Qe8 17.Rd4 Qb8 18.O-O dxe4 19.Nxe4 Nd5 20.Qe5 Bf5 21.Bc4 Bxe4 22.Rxe4
a5 23.h4 Qc8 24.h5 Qf5 25.h6 Nf6 26.Qxf5 gxf5 27.Re7 Rbb8 28.Rd1 Rbc8 29.f3 a4
30.bxa4 Ra8 31.Bb3 Nd5 32.Bxd5 cxd5 33.Rxd5 Rxa4 34.Rxf5 Rxa2 35.Rg5+ Kh8
36.Rg7 Ra1+ 37.Kf2 Ra2+ 38.Kg3 {#r} 1-0

[Event "ch-MGL Women 2017"]
[Site "masterchessopen.com Dadal MGL"]
[Date "2017.03.21"]
[Round "6.1"]
[White "Lkhamsuren,U"]
[Black "Nomindalai,Tumurbaatar"]
[Result "1-0"]
[WhiteElo "2189"]
[BlackElo "1804"]

1.d4 d5 2.c4 Nc6 3.Nc3 dxc4 4.Nf3 Bg4 5.d5 Bxf3 6.exf3 Ne5 7.Bf4 Ng6 8.Bxc4 c6
9.dxc6 Qxd1+ 10.Rxd1 e5 11.cxb7 Rb8 12.Bb5+ Ke7 13.Bg5+ f6 14.Rd7+ Ke6 15.Be3
a6 16.Ba7 axb5 17.Bxb8 Kxd7 18.Bxe5 Bd6 19.Bxd6 N8e7 20.b8=Q {#r} 1-0

[Event "ch-MGL Women 2017"]
[Site "masterchessopen.com Dadal MGL"]
[Date "2017.03.21"]
[Round "6.4"]
[White "Batchimeg,Tuvshintugs"]
[Black "Ankhchimeg,B"]
[Result "1-0"]
[WhiteElo "2403"]
[BlackElo "2156"]

1.d4 Nf6 2.c4 e6 3.Nc3 d5 4.cxd5 exd5 5.Bg5 c6 6.e3 h6 7.Bh4 Be7 8.Bd3 O-O
9.Qc2 Re8 10.Nge2 Nbd7 11.f3 Qa5 12.Bf2 b5 13.O-O Nf8 14.h3 b4 15.Na4 Ba6
16.Bxa6 Qxa6 17.b3 Ne6 18.e4 dxe4 19.fxe4 Ng5 20.Ng3 Rad8 21.Rac1 Rc8 22.e5
Nd5 23.Nf5 Ne6 24.Nd6 Bxd6 25.exd6 Qb7 26.Nc5 Nxc5 27.dxc5 Re6 28.Bd4 Rce8
29.Qf5 f6 30.Rf2 a5 31.Rcf1 Qf7 32.Qd3 Re4 33.Kh2 Qd7 34.Rf3 Qe6 35.Rg3 Nf4
36.Qd2 Ne2 37.Rxg7+ Kxg7 38.Rxf6 Qxf6 39.Bxf6+ Kxf6 40.Qxh6+ Ke5 41.d7 {#r}
1-0

[Event "ch-MGL Women 2017"]
[Site "masterchessopen.com Dadal MGL"]
[Date "2017.03.21"]
[Round "7.1"]
[White "Amina,Battsooj"]
[Black "Lkhamsuren,U"]
[Result "1-0"]
[WhiteElo "2190"]
[BlackElo "2189"]

1.e4 e6 2.d4 d5 3.exd5 exd5 4.Nf3 Nc6 5.Bd3 Bg4 6.c3 Bd6 7.h3 Bh5 8.Be3 Nge7
9.Nbd2 Qd7 10.Qa4 Bg6 11.Bxg6 hxg6 12.O-O-O O-O-O 13.c4 dxc4 14.Qxc4 Na5
15.Qxf7 Rdf8 16.Qxg7 Qe6 17.d5 Qxd5 18.Kb1 Nac6 19.Qc3 Nb4 20.Qc4 Qa5 21.a3
Qf5+ 22.Qe4 Nbc6 23.Rhe1 Qb5 24.Nc4 Bc5 25.Qe6+ Kb8 26.Nfe5 Nxe5 27.Qxe5 Rh5
28.Qe6 Nc8 29.Qxg6 Rh4 30.Bxc5 Qxc5 31.Ne5 Nb6 32.Nd7+ Nxd7 33.Re8+ {#r} 1-0

[Event "ch-MGL Women 2017"]
[Site "masterchessopen.com Dadal MGL"]
[Date "2017.03.21"]
[Round "7.2"]
[White "Yanjindulam,D"]
[Black "Uuriintuya,Uurtsaikh"]
[Result "0-1"]
[WhiteElo "2113"]
[BlackElo "2218"]

1.d4 Nf6 2.Nf3 g6 3.Nc3 d5 4.Bf4 c5 5.e3 cxd4 6.exd4 a6 7.Ne5 Bg7 8.Be2 O-O
9.Bf3 Be6 10.h4 Nbd7 11.h5 Nxe5 12.Bxe5 Qd7 13.Qd2 b5 14.Ne2 Bg4 15.Nf4 Bxf3
16.gxf3 Qf5 17.c3 Rfc8 18.Rd1 Rc6 19.Qe3 a5 20.hxg6 hxg6 21.Nd3 Nh5 22.Bxg7
Kxg7 23.Qe5+ Rf6 24.Kd2 Qxf3 25.Qxe7 b4 26.Qe5 bxc3+ 27.bxc3 Kg8 28.Rdg1 Rf5
29.Qh2 Kf8 30.Qd6+ Kg7 31.Qh2 Re8 32.Re1 Re4 33.Re3 Rxe3 34.fxe3 Rg5 35.Nf4
Rg3 36.Kc2 Qxe3 37.Ne2 Qe4+ 38.Kb3 Rg2 39.Ng3 Qc2+ {#R} 0-1

[Event "March Lviv Tradition IMA"]
[Site "masterchessopen.com Lviv UKR"]
[Date "2017.03.21"]
[Round "1.2"]
[White "Krzywda,A"]
[Black "Pugachov,I"]
[Result "0-1"]
[WhiteElo "2132"]
[BlackElo "2025"]

1.e4 e6 2.d3 d5 3.Nd2 Nf6 4.Ngf3 c5 5.g3 Nc6 6.Bg2 Be7 7.O-O O-O 8.Re1 b5 9.e5
Nd7 10.Nf1 a5 11.h4 Qc7 12.Bf4 a4 13.Ne3 Bb7 14.Nxd5 exd5 15.e6 Bd6 16.Bxd6
Qxd6 17.exd7 Qxd7 18.Qd2 a3 19.b3 Rfe8 20.d4 c4 21.Rad1 f6 22.bxc4 dxc4 23.d5
Rxe1+ 24.Qxe1 Re8 25.Qc3 Qd6 26.Rd2 Qb4 27.dxc6 Qxc3 28.cxb7 b4 29.Rd7 b3
30.cxb3 cxb3 31.Nd4 b2 32.Bd5+ Kh8 33.Re7 b1=Q+ 34.Kg2 Rxe7 {#R} 0-1

[Event "March Lviv Tradition IMA"]
[Site "masterchessopen.com Lviv UKR"]
[Date "2017.03.21"]
[Round "1.5"]
[White "Golubka,P"]
[Black "Bondarets,V"]
[Result "1-0"]
[WhiteElo "2424"]
[BlackElo "2266"]

1.d4 Nf6 2.c4 d6 3.Nc3 Nbd7 4.Nf3 e5 5.Bg5 Be7 6.e3 c6 7.Qc2 Qc7 8.O-O-O a6
9.Kb1 Qb8 10.c5 exd4 11.cxd6 Bxd6 12.Ne4 Be7 13.Bf4 Qa7 14.Nd6+ Bxd6 15.Bxd6
dxe3 16.Re1 Nf8 17.Rxe3+ Ne6 18.Bc4 Bd7 19.Ne5 O-O-O 20.Bxe6 fxe6 21.Bc5 b6
22.Be7 Qc7 23.Bxd8 Rxd8 24.Nxd7 Qxd7 25.a3 Qd5 26.Rhe1 Rd6 27.f4 c5 28.Qe2
Qf5+ 29.Ka1 Nd5 30.Qxa6+ Kc7 31.Qa7+ Kc6 32.Re4 Nc7 33.Qa4+ Kb7 34.Re5 {#r}
1-0

[Event "March Lviv Tradition IMB"]
[Site "masterchessopen.com Lviv UKR"]
[Date "2017.03.21"]
[Round "1.1"]
[White "Goluch,P"]
[Black "Krykun,Yuriy"]
[Result "0-1"]
[WhiteElo "2288"]
[BlackElo "2238"]

1.d4 Nf6 2.c4 e6 3.g3 d5 4.Bg2 Be7 5.Nf3 O-O 6.O-O dxc4 7.Qc2 b5 8.a4 b4 9.Ne5
Qxd4 10.Nxc4 Nd5 11.Rd1 Qc5 12.b3 Bf6 13.Ra2 c6 14.e4 Nc3 15.e5 Nxd1 16.exf6
Rd8 17.fxg7 Ba6 18.Be4 Bxc4 19.bxc4 Nxf2 20.Bxh7+ Kxg7 21.Bb2+ e5 22.Kg2 Ng4
23.Bc1 Qf2+ 24.Qxf2 Nxf2 25.Rxf2 Kxh7 26.Rxf7+ Kg8 27.Rf1 Nd7 28.Bg5 Rf8
29.Rd1 Nb6 30.Be7 Nxc4 31.Re1 Rf7 32.Bxb4 Rb8 33.Bc3 Rfb7 34.Nd2 Nxd2 35.Bxd2
Rb2 36.Re2 Rd8 {#R} 0-1

[Event "March Lviv Tradition IMB"]
[Site "masterchessopen.com Lviv UKR"]
[Date "2017.03.21"]
[Round "1.2"]
[White "Nester,I"]
[Black "Rozycki,B"]
[Result "1-0"]
[WhiteElo "2326"]
[BlackElo "2166"]

1.Nf3 d5 2.d4 e6 3.c4 Nf6 4.g3 Bb4+ 5.Bd2 Bd6 6.Bg2 c6 7.Qc2 O-O 8.O-O b6
9.Nc3 Bb7 10.e4 dxe4 11.Nxe4 Nxe4 12.Qxe4 Nd7 13.b4 Nf6 14.Qe2 c5 15.dxc5 bxc5
16.b5 Qc7 17.Bc3 Ne4 18.Bb2 Rad8 19.Rfd1 Rfe8 20.a4 f5 21.a5 Be7 22.a6 Ba8
23.Nd2 Nd6 24.Bxa8 Rxa8 25.Qxe6+ Kh8 26.Nf3 Rad8 27.Qh6 Rg8 28.Ne5 gxh6
29.Nf7# 1-0